| 000 | 00574nam a2200241 a 4500 | ||
|---|---|---|---|
| 001 | nice12345678 | ||
| 003 | IN_TiNIC | ||
| 005 | 20260116012549.0 | ||
| 008 | 050524s1900 chea grp 000 0 eng | ||
| 020 |
_a _c100 |
||
| 082 | 0 | 0 |
_a201 _bSMI3 |
| 100 | _aSmith, George | ||
| 245 | _aTwelve Pioneer Missionaries | ||
| 260 |
_aChennai _bLilly Soosai Opset _c1900 |
||
| 300 | _a37p | ||
| 500 | _aincludes index and biblioraphy | ||
| 505 | 2 | _aIndex | |
| 650 | _aChristian-Biography | ||
| 700 | 1 | _aSmith, George | |
| 902 | _bSRS | ||
| 942 | _cBK | ||
| 999 |
_c7478 _d7478 |
||